| 000 | 00505cam8a220018100 4500 | ||
|---|---|---|---|
| 001 | tmp15989136 | ||
| 003 | UPRA | ||
| 005 | 20190830110318.0 | ||
| 008 | 951117s1977 enk eng u | ||
| 035 | _a(Sirsi) r26356 | ||
| 035 | _a(UPRA)tmp15989136 | ||
| 040 | _cUPRA | ||
| 100 | 1 |
_aErdman, Paul Emil, 1932- _dErdman, Paul Emil, 1932- _6A90055.1 |
|
| 245 | 1 | 4 | _aThe crash of '79. |
| 260 |
_aLondon : _bSecker & Warburg, _c[1977] |
||
| 949 |
_aPS3555 _wlcc _i-27088 _mMAIN _tBOOK _lON-SHELF |
||
| 004 | 26356 | ||
| 999 |
_c188240 _d188240 |
||